theLAYTshow's Bacon Puzzle #3 - Statistics

General Stats
  • This quiz has been taken 1,109 times
    1,105 since last reset
  • The average score is 7 of 16
Answer Stats
Film Co-Star 2 % Correct
Hancock Will Smith
99%
Se7en Brad Pitt
93%
Gangs of New York Leonardo DiCaprio
86%
Men in Black Tommy Lee Jones
73%
Con Air John Cusack
56%
The Black Dahlia Scarlett Johansson
43%
The Avengers Gwyneth Paltrow
42%
Couples Retreat Jason Bateman
38%
Machete Danny Trejo
35%
Pearl Harbor Josh Hartnett
35%
Serendipity Kate Beckinsale
35%
Under Siege Steven Seagal
32%
Unknown Liam Neeson
24%
Burlesque Kristen Bell
18%
Inglorious Basterds Diane Kruger
12%
Catch Me If You Can James Brolin
4%
No matching quizzes found
Score Distribution
Percent of People with Each Score
Percentile by Number Answered
Your Score History
You have not taken this quiz since the last reset